000 01022nam a2200301 i 4500
001 000015206
003 DO-SdBNP
005 20240520114244.0
007 ta
008 100203e19842002dr ac gr 001 f spa d
020 _a9993433403
040 _aDO-SdBNP
_bspa
_cBNPHU
_erda
082 4 _a956.94
_bF825i, 2002
_222
100 1 _aFranco, Franklin J.,
_d1936-
_934417
_eautor
245 1 0 _aIsrael y Palestina :
_bpasado, presente y futuro /
_cFranklin Franco Pichardo.
250 _a2a. edición
264 _aSanto Domingo :
_bLibrería La Trinitaria,
_c2002.
300 _a87 páginas :
_bilustraciones y retratos ;
_c21 cm.
336 _2rdacontent
_atexto
_btxt
337 _2rdamedia
_asin mediación
_bn
338 _2rdacarrier
_avolumen
_bnc
590 _aInventariado 2024 / MF
650 4 _aRelaciones árabe-israelíes
_xHistoria
_934437
650 4 _aConflictos fronterizos
_934438
_zÁrabe-Israelíes
650 4 _aJudios
_xHistoria
_97449
910 _aValidado. Control de calidad MFF
942 _2ddc
_cLBS1
999 _c14777
_d14777